LEADER 01291nab a2200193 i 4500 001 000000266507 003 CaOOAMICUS 005 20070528000000.0 008 070528n xx uu u0 0und r 013 $a10579 020 $a978-88-6137-095-1 040 $aSeMil$bita 245 12$aA 40 anni dalla Gravissimum Educationis, a confronto con i giovani, le organizzazioni internazionali e le scienze dell'educazione :$bRoma, Universitą Pontificia Salesiana, 21 Ottobre 2006. - Numero monografico. - Atti del Seminario. 500 $aMarzo-Aprile 2007. 710 2 $aUniversitą Pontificia Salesiana : Facoltą di Scienze dell'Educazione.$0(OLS)http://semarc/name/2103 711 0 $aSeminario «A 40 anni dalla "Gravissimum Educationis" : a confronto con i giovani, le organizzazioni internazionali e le scienze dell'educazione» <2006 ; Roma>.$0(OLS)http://semarc/name/83826 773 0 $t[2007.$dGardolo (TN) : Erickson, copyr. 2007.$w()161728 996 $6020$a978-88-6137-095-1$9(OLS)http://semarc/number/267111 996 $6245$aA 40 anni dalla Gravissimum Educationis, a confronto con i giovani, le organizzazioni internazionali e le scienze dell'educazione :$bRoma, Universitą Pontificia Salesiana, 21 Ottobre 2006. - Numero monografico. - Atti del Seminario.$9(OLS)http://semarc/title/357900 LEADER 01331nam a2200313 4500 001 000000330875 003 CaOOAMICUS 005 20200213101747.0 008 181024s2011 pl o 000 u mul r 020 $a978-83-7019-506-9 040 $aSeMil$bita 041 1 $apol$aita$aeng 100 1 $aGalazka, Grzegorz.$0(OLS)http://semarc/name/110970 245 00$aJoannes Paulus II beatus /$cGrzegorz Ga?a?zka. 246 01$aJoannes Paulus II b?ogos?awiony 264 1$aMarki :$bMichalineum,$c[2011] 300 $a95 p. :$briccamente ill. (color.) ;$c29 cm 500 $aTesto in polacco, inglese e italiano 541 1 $aFondo Card. Angelo Scola 600 04$aGiovanni Paolo II .$0(OLS)http://semarc/subject/5525 650 4$aGiovanni Paolo II - Fotografie.$0(OLS)http://semarc/subject/17324 850 $aSeMil 852 $aSeMil$W1$xVenegono$y1$m3A VI 313$j210109$B224163$CSeMilBibl$Z2$F224163 $81 941 1 $a6 996 $6020$a978-83-7019-506-9$9(OLS)http://semarc/number/285454 996 $6245$aJoannes Paulus II beatus$9(OLS)http://semarc/title/419473 996 $6246$aJoannes Paulus II b?ogos?awiony$9(OLS)http://semarc/title/419474 996 $6264$aMarki :$bMichalineum$9(OLS)http://semarc/publisher/57934